Statistiques concernant Discographie de Nekfeu

Cliquez ici pour prendre le quiz!

Statistiques générales

  • Ce quiz a été pris 3 188 fois
    (3 111 depuis la dernière actualisation)
  • Le résultat moyen est 36 sur 75

Statistiques - réponses

Titre% Correct
On verra
90%
Humanoïde
83%
Princesse
78%
Les étoiles vagabondes
77%
Galatée
75%
Martin Eden
75%
Égérie
73%
Elle pleut
72%
Dans l'univers
67%
Squa
67%
Ma dope
66%
Tricheur
66%
Avant tu riais
65%
Saturne
65%
Tempête
64%
Mauvaise graine
63%
Risibles amours
63%
Reuf
62%
Vinyle
62%
Alunissons
61%
Esquimaux
60%
Plume
60%
Cheum
58%
Ecrire
56%
Le horla
56%
Menteur menteur
56%
Ciel noir
55%
Nekketsu
55%
Réalité augmentée
54%
Nique les clones, Pt. II
52%
O.D
52%
Ken Kaneki
51%
Mon âme
51%
Takotsubo
50%
7:77 AM
49%
Rouge à lèvres
47%
A la base
46%
Compte les hommes
46%
Être humain
46%
Premier pas
46%
Sous les nuages
45%
CDGLAXJFKHNDATH
44%
Chanson d'amour
43%
Energie sombre
43%
Voyage léger
43%
Koala mouillé
42%
Programmé
42%
Rêve d'avoir des rêves
42%
Point d'interrogation
41%
1er rôle
39%
La ballade du Fremont
39%
Jeux vidéo et débats
38%
Le bruit qui court
37%
Pixels
37%
Besoin de sens
36%
De mon mieux
36%
Elle en avait envie
35%
De mes cendres
34%
Interlude Fifty
34%
Le regard des gens
34%
Natsukashii
34%
Oui et non
34%
La moue des morts
33%
Au cœur du G
31%
Dernier soupir
31%
Nouvel homme
31%
Laisse aller
30%
L'air du temps
29%
Pars avec moi
29%
Mal aimé
28%
Jeux d'ombres
27%
Deux-Trois
26%
Question d'honneur
22%
Les bruits de ma ville
15%
Nek le fenek
13%

Distribution des résultats

Percentile par nombre de réponses

% des personnes avec chaque résultat

Votre développement - résultats

Vous n’avez pas pris ce quiz depuis la dernière actualisation